LIBRARY ONLINE CATALOGUE

Secondary CRE : (Record no. 16549)

MARC details
000 -LEADER
fixed length control field 00630nam a22002057a 4500
003 - CONTROL NUMBER IDENTIFIER
control field OSt
005 - DATE AND TIME OF LATEST TRANSACTION
control field 20171006120909.0
008 - FIXED-LENGTH DATA ELEMENTS--GENERAL INFORMATION
fixed length control field 171006b xxu||||| |||| 00| 0 eng d
020 ## - INTERNATIONAL STANDARD BOOK NUMBER
International Standard Book Number 9966101013
040 ## - CATALOGING SOURCE
Original cataloging agency KABU
Transcribing agency KABU
050 ## - LIBRARY OF CONGRESS CALL NUMBER
Classification number BV1547
Item number .S43 2013 Bk3
245 ## - TITLE STATEMENT
Title Secondary CRE :
Remainder of title students' book three /
Statement of responsibility, etc. Shiphrah N. Gichaga ... [et al.]
246 ## - VARYING FORM OF TITLE
Title proper/short title Secondary christian religious education
250 ## - EDITION STATEMENT
Edition statement 3rd ed.
260 ## - PUBLICATION, DISTRIBUTION, ETC. (IMPRINT)
Place of publication, distribution, etc. Nairobi
Name of publisher, distributor, etc. KLB
Date of publication, distribution, etc. 2013
300 ## - PHYSICAL DESCRIPTION
Extent 139 p.
650 ## - SUBJECT ADDED ENTRY--TOPICAL TERM
Topical term or geographic name as entry element Christian religious education
700 ## - ADDED ENTRY--PERSONAL NAME
Personal name Gichaga, Shiphrah N.
942 ## - ADDED ENTRY ELEMENTS (KOHA)
Source of classification or shelving scheme Library of Congress Classification
Koha item type General Collection
Classification part BV1547
Item part .S43 2013 Bk3
Holdings
Withdrawn status Lost status Source of classification or shelving scheme Not for loan Home library Current library Shelving location Date acquired Cost, normal purchase price Inventory number Total Checkouts Total Renewals Full call number Barcode Date last seen Date last checked out Copy number Price effective from Koha item type
    Library of Congress Classification   Kabarak, Main Campus Kabarak, Main Campus Reserve Collection 06/10/2017 530.00 2017/0326 27 1 BV1547 .S43 2013 Bk3 c.1 027679 12/04/2023 12/04/2023 c.1 06/10/2017 Reserve Collection